00885cam a22002173a 450000100060000000300060000600500170001200800410002904000150007004200070008505000070009210000200009924503020011926000290042150600300045051600200048065300540050065300420055483000290059685600420062516356PGUSA20140828083341.0050724s2005||||xxu|||||s|||||000 | eng d aPGUSAbeng adc 4aDA1 aBrannon, George10aBrannon's Picture of The Isle of Wight :bThe Expeditious Traveller's Index to Its Prominent Beauties and Objects of Interest. Compiled Especially with Reference to Those Numerous Visitors Who Can Spare but Two or Three Days to Make the Tour of the Island.h[electronic resource] /cGeorge Brannon bProject Gutenberg,c2005 aPublic domain in the USA. aElectronic text aIsle of Wight (England) -- Description and travel aIsle of Wight (England) -- Guidebooks 0aProject Gutenbergv1635640uhttp://www.gutenberg.org/ebooks/16356